[Event "Reykjavik op"]
[Site "Reykjavik"]
[Date "2024.03.18"]
[Round "5"]
[White "Schockenbaeumer, Dirk"]
[Black "Dhruv, Rattan"]
[Result "1/2-1/2"]
[WhiteElo "2103"]
[BlackElo "1831"]
[PlyCount "127"]
[EventDate "2024.03.15"]
[EventType "swiss"]
[EventRounds "9"]
[EventCountry "ISL"]
[SourceTitle "CBM 219 Extra"]
[Source "ChessBase"]
[SourceDate "2024.05.31"]
[SourceVersion "1"]
[SourceVersionDate "2024.05.31"]
[SourceQuality "1"]

1. e4 e5 2. Nf3 Nc6 3. Bb5 a6 4. Ba4 Nf6 5. 0-0 b5 6. Bb3 Bc5 7. d3 d6 8. c3 h6 9. a4 Rb8 10. axb5 axb5 11. Qe2 0-0 12. Be3 Bxe3 13. fxe3 Ne7 14. Nbd2 Ng6 15. h3 c5 16. Ra2 Qb6 17. Kh2 Bb7 18. Qf2 c4 19. dxc4 b4 20. cxb4 Qxb4 21. Bc2 Ra8 22. Rfa1 Rxa2 23. Rxa2 Ra8 24. Rxa8+ Bxa8 25. b3 Qc3 26. Bb1 Nd7 27. Ne1 Nc5 28. Bc2 Nf8 29. Qe2 Qb2 30. Qd1 Qc3 31. Qe2 Nfd7 32. Nb1 Qa1 33. Nd2 Qb2 34. Qd1 Qc3 35. Qe2 Nf6 36. Qf2 Bb7 37. Qe2 Nfxe4 38. Nxe4 Nxe4 39. Nd3 h5 40. Nf2 Nc5 41. Nd1 Qa5 42. Qxh5 Qd2 43. Qh7+ Kf8 44. Qh8+ Ke7 45. Qh4+ f6 46. Qf2 Qb4 47. Qf5 Nxb3 48. Qg4 g5 49. h4 gxh4 50. Bf5 Nc5 51. Qg7+ Kd8 52. Qxf6+ Kc7 53. Qe7+ Kc6 54. Qxh4 Qd2 55. Nf2 Qxe3 56. Ne4 Qd4 57. Qh7 Kb6 58. Nxc5 Qf4+ 59. Kg1 Qe3+ 60. Kh2 Qf4+ 61. Kg1 Qd4+ 62. Kh2 Qf4+ 63. Kg1 Qd4+ 64. Kh2 1/2-1/2

[Event "Bunratty Masters op 24th"]
[Site "Bunratty"]
[Date "2017.02.18"]
[Round "3"]
[White "Schockenbaeumer, Dirk"]
[Black "Sudolski, Sylwester"]
[Result "0-1"]
[WhiteElo "2155"]
[BlackElo "2027"]
[PlyCount "88"]
[EventDate "2017.02.17"]
[EventType "swiss"]
[EventRounds "6"]
[EventCountry "IRL"]
[SourceTitle "EXT 2018"]
[Source "ChessBase"]
[SourceDate "2017.10.13"]
[SourceVersion "1"]
[SourceVersionDate "2017.10.13"]
[SourceQuality "1"]

1. e4 c5 2. Nf3 d6 3. d4 cxd4 4. Nxd4 Nf6 5. Nc3 a6 6. h3 e5 7. Nde2 b5 8. Bg5 Be6 9. a3 Nbd7 10. Ng3 Be7 11. Nh5 Nxh5 12. Bxe7 Qxe7 13. Qxh5 Nb6 14. Bd3 h6 15. 0-0 Qg5 16. Qf3 0-0 17. Rfe1 Rad8 18. Rad1 g6 19. Qe3 Qxe3 20. Rxe3 f5 21. f3 Kf7 22. Re2 Kf6 23. Red2 Rd7 24. b3 Rfd8 25. a4 d5 26. axb5 dxe4 27. fxe4 axb5 28. Kf1 b4 29. Nb1 Rd4 30. Re1 Bxb3 31. exf5 gxf5 32. Rf2 Rf4 33. Rxf4 exf4 34. Re2 Ba2 35. Nd2 b3 36. Nc4 Nd5 37. cxb3 Bxb3 38. Nb2 Ne3+ 39. Kf2 Rg8 40. g4 fxg4 41. hxg4 Rxg4 42. Be4 Rg3 43. Nd3 Ng4+ 44. Ke1 f3 0-1

[Event "Bunratty Masters op 24th"]
[Site "Bunratty"]
[Date "2017.02.17"]
[Round "1"]
[White "Schockenbaeumer, Dirk"]
[Black "Speelman, Jonathan S"]
[Result "0-1"]
[WhiteElo "2155"]
[BlackElo "2522"]
[PlyCount "50"]
[EventDate "2017.02.17"]
[EventType "swiss"]
[EventRounds "6"]
[EventCountry "IRL"]
[SourceTitle "CBM 176 Extra"]
[Source "ChessBase"]
[SourceDate "2017.03.02"]
[SourceVersion "1"]
[SourceVersionDate "2017.03.02"]
[SourceQuality "1"]

1. e4 g6 2. d4 Bg7 3. Nc3 d6 4. Be3 a6 5. Qd2 Nd7 6. f3 b5 7. h4 h5 8. Nh3 Ngf6 9. Nf4 c6 10. 0-0-0 Qc7 11. Kb1 Bb7 12. Qf2 Rc8 13. g3 e5 14. Nfe2 exd4 15. Nxd4 b4 16. Nce2 c5 17. Nb3 0-0 18. Nf4 Ne5 19. Be2 a5 20. Nd2 c4 21. Bb6 Qc6 22. Nd5 Nxd5 23. exd5 Qa4 24. f4 Nd3 25. cxd3 b3 0-1

[Event "Bunratty Masters op 23rd"]
[Site "Bunratty"]
[Date "2016.02.20"]
[Round "4"]
[White "Schockenbaeumer, Dirk"]
[Black "Jones, Gawain C B"]
[Result "0-1"]
[WhiteElo "2155"]
[BlackElo "2629"]
[PlyCount "40"]
[EventDate "2016.02.19"]
[EventType "swiss"]
[EventRounds "6"]
[EventCountry "IRL"]
[SourceTitle "EXT 2017"]
[Source "ChessBase"]
[SourceDate "2016.10.25"]
[SourceVersion "1"]
[SourceVersionDate "2016.10.25"]
[SourceQuality "1"]

1. Nf3 g6 2. d4 Bg7 3. c4 Nf6 4. Nc3 d6 5. e4 0-0 6. Be2 Nbd7 7. 0-0 e5 8. d5 Nc5 9. Qc2 a5 10. Nd2 Ne8 11. b3 f5 12. a3 Nf6 13. f3 Bh6 14. Ra2 Nh5 15. Rd1 Be3+ 16. Kh1 f4 17. Nf1 Bf2 18. Bd3 Ng3+ 19. hxg3 fxg3 20. Be3 Qh4+ 0-1

[Event "Solingen-ch"]
[Site "Solingen"]
[Date "2015.12.04"]
[Round "7"]
[White "Schockenbaeumer, Dirk"]
[Black "Flesch, Stefan"]
[Result "1/2-1/2"]
[WhiteElo "2161"]
[BlackElo "2073"]
[PlyCount "29"]
[EventDate "2015.09.04"]
[EventType "swiss"]
[EventRounds "7"]
[EventCountry "GER"]
[SourceTitle "EXT 2018"]
[Source "ChessBase"]
[SourceDate "2017.10.13"]
[SourceVersion "1"]
[SourceVersionDate "2017.10.13"]
[SourceQuality "1"]

1. e4 e6 2. d4 d5 3. Nc3 Bb4 4. e5 b6 5. Bb5+ c6 6. Bd3 Ba6 7. Bxa6 Nxa6 8. Qd3 Nc7 9. Nf3 Be7 10. 0-0 h5 11. Ne1 Nh6 12. Bxh6 Rxh6 13. f4 Qd7 14. Ne2 0-0-0 15. c3 1/2-1/2

[Event "Solingen-ch"]
[Site "Solingen"]
[Date "2013.11.22"]
[Round "6"]
[White "Schockenbaeumer, Dirk"]
[Black "Kniest, Oliver"]
[Result "1/2-1/2"]
[WhiteElo "2158"]
[BlackElo "2309"]
[PlyCount "44"]
[EventDate "2013.09.13"]
[EventType "swiss"]
[EventRounds "7"]
[EventCountry "GER"]
[SourceTitle "EXT 2015"]
[Source "ChessBase"]
[SourceDate "2014.11.20"]
[SourceVersion "1"]
[SourceVersionDate "2014.11.20"]
[SourceQuality "1"]

1. e4 e5 2. Nf3 Nc6 3. Bb5 a6 4. Ba4 Nf6 5. 0-0 Be7 6. Re1 b5 7. Bb3 d6 8. c3 0-0 9. h3 Na5 10. Bc2 c5 11. d4 Qc7 12. Nbd2 Rd8 13. d5 Bd7 14. Nf1 c4 15. Ng3 g6 16. Bg5 Rdc8 17. Nxe5 dxe5 18. d6 Qxd6 19. Qxd6 Bxd6 20. Bxf6 Bc6 21. Rad1 Nb7 22. Re2 Re8 1/2-1/2

[Event "Solingen-ch"]
[Site "Solingen"]
[Date "2013.11.08"]
[Round "5"]
[White "Hobusch, Jan"]
[Black "Schockenbaeumer, Dirk"]
[Result "1/2-1/2"]
[WhiteElo "2078"]
[BlackElo "2158"]
[PlyCount "48"]
[EventDate "2013.09.13"]
[EventType "swiss"]
[EventRounds "7"]
[EventCountry "GER"]
[SourceTitle "EXT 2015"]
[Source "ChessBase"]
[SourceDate "2014.11.20"]
[SourceVersion "1"]
[SourceVersionDate "2014.11.20"]
[SourceQuality "1"]

1. b3 c5 2. Bb2 d5 3. e3 Nc6 4. Bb5 Nf6 5. Nf3 Bd7 6. 0-0 a6 7. Bxc6 Bxc6 8. Ne5 Rc8 9. d3 g6 10. Nd2 Bg7 11. Qe2 0-0 12. f4 Nd7 13. Ndf3 f6 14. Nxc6 Rxc6 15. e4 d4 16. f5 Ne5 17. Nxe5 fxe5 18. fxg6 Rxg6 19. Rxf8+ Qxf8 20. Rf1 Rf6 21. Bc1 Bh6 22. Rxf6 Qxf6 23. Bd2 Bxd2 24. Qxd2 Qf4 1/2-1/2

[Event "NRW Class1 1011"]
[Site "Germany"]
[Date "2010.11.28"]
[Round "3.7"]
[White "Stephan, Gunther"]
[Black "Schockenbaeumer, Dirk"]
[Result "1/2-1/2"]
[WhiteElo "2081"]
[BlackElo "2202"]
[PlyCount "30"]
[EventDate "2010.09.26"]
[EventType "team-tourn"]
[EventRounds "9"]
[EventCountry "GER"]
[SourceTitle "EXT 2012"]
[Source "ChessBase"]
[SourceDate "2011.11.24"]
[SourceVersion "1"]
[SourceVersionDate "2011.11.24"]
[SourceQuality "1"]
[WhiteTeam "Brackweda"]
[BlackTeam "Solingen III"]
[WhiteTeamCountry "GER"]
[BlackTeamCountry "GER"]

1. d4 Nf6 2. Nf3 g6 3. Bg5 Bg7 4. Nbd2 d6 5. e4 0-0 6. Bd3 Nc6 7. c3 e5 8. d5 Ne7 9. 0-0 h6 10. Bxf6 Bxf6 11. Ne1 Bg5 12. Ndf3 Bf6 13. Nd2 Bg5 14. Ndf3 Bf6 15. Nd2 Bg5 1/2-1/2

[Event "NRW Class2 0910"]
[Site "Germany"]
[Date "2010.03.21"]
[Round "8.6"]
[White "Pinnel, Peter"]
[Black "Schockenbaeumer, Dirk"]
[Result "1/2-1/2"]
[WhiteElo "2143"]
[BlackElo "2227"]
[PlyCount "30"]
[EventDate "2009.09.20"]
[EventType "team-tourn"]
[EventRounds "9"]
[EventCountry "GER"]
[SourceTitle "EXT 2011"]
[Source "ChessBase"]
[SourceDate "2010.11.26"]
[SourceVersion "1"]
[SourceVersionDate "2010.11.26"]
[SourceQuality "1"]
[WhiteTeam "Hagen"]
[BlackTeam "Solingen SG III"]
[WhiteTeamCountry "GER"]
[BlackTeamCountry "GER"]

1. d4 Nf6 2. Bf4 d6 3. e3 g6 4. Nf3 Bg7 5. h3 0-0 6. Be2 b6 7. 0-0 c5 8. c3 Ba6 9. Nbd2 Bxe2 10. Qxe2 Nc6 11. Rfe1 Re8 12. e4 cxd4 13. Nxd4 Nxd4 14. cxd4 e5 15. dxe5 dxe5 1/2-1/2

[Event "NRW Class2 0910"]
[Site "Germany"]
[Date "2010.02.21"]
[Round "7.7"]
[White "Schudro, Vassilij"]
[Black "Schockenbaeumer, Dirk"]
[Result "1-0"]
[WhiteElo "2125"]
[BlackElo "2227"]
[PlyCount "105"]
[EventDate "2009.09.20"]
[EventType "team-tourn"]
[EventRounds "9"]
[EventCountry "GER"]
[SourceTitle "EXT 2011"]
[Source "ChessBase"]
[SourceDate "2010.11.26"]
[SourceVersion "1"]
[SourceVersionDate "2010.11.26"]
[SourceQuality "1"]
[WhiteTeam "Emsdetten Turm II"]
[BlackTeam "Solingen SG III"]
[WhiteTeamCountry "GER"]
[BlackTeamCountry "GER"]

1. e4 c5 2. Nf3 d6 3. d4 cxd4 4. Nxd4 Nf6 5. Nc3 a6 6. Bc4 e6 7. Be3 b5 8. Bb3 Be7 9. a3 Qc7 10. Qe2 Nc6 11. 0-0 0-0 12. Kh1 Bd7 13. f4 Qb7 14. f5 Nxd4 15. Bxd4 a5 16. fxe6 fxe6 17. e5 dxe5 18. Qxe5 b4 19. axb4 axb4 20. Rxa8 Rxa8 21. Bxe6+ Bxe6 22. Qxe6+ Kh8 23. Ne2 Ra6 24. Qf7 Qe4 25. Bxf6 gxf6 26. Ng3 Qe6 27. Qe8+ Kg7 28. h3 Ra5 29. Nh5+ Rxh5 30. Qxh5 Qe4 31. Qg4+ Qxg4 32. hxg4 Bd6 33. c4 bxc3 34. bxc3 Kg6 35. Rf5 Be5 36. c4 h6 37. c5 Kf7 38. Kg1 Ke6 39. Kf1 Kd5 40. Rh5 Kxc5 41. Rxh6 Kd4 42. Rh5 Bf4 43. Ke2 Ke4 44. Ra5 Bc1 45. Ra4+ Ke5 46. Kf3 Ke6 47. Ke4 Bd2 48. Ra6+ Ke7 49. Kf5 Bg5 50. Re6+ Kf7 51. g3 Kg7 52. Re7+ Kf8 53. Rb7 1-0

[Event "NRW Class2 0910"]
[Site "Germany"]
[Date "2009.12.20"]
[Round "4.6"]
[White "Heuermann, Heinz Burkhard"]
[Black "Schockenbaeumer, Dirk"]
[Result "1/2-1/2"]
[WhiteElo "2079"]
[BlackElo "2227"]
[PlyCount "28"]
[EventDate "2009.09.20"]
[EventType "team-tourn"]
[EventRounds "9"]
[EventCountry "GER"]
[SourceTitle "EXT 2011"]
[Source "ChessBase"]
[SourceDate "2010.11.26"]
[SourceVersion "1"]
[SourceVersionDate "2010.11.26"]
[SourceQuality "1"]
[WhiteTeam "Herford"]
[BlackTeam "Solingen SG III"]
[WhiteTeamCountry "GER"]
[BlackTeamCountry "GER"]

1. c4 Nf6 2. Nc3 c5 3. g3 g6 4. Bg2 Bg7 5. Nf3 Nc6 6. d4 cxd4 7. Nxd4 0-0 8. 0-0 Nxd4 9. Qxd4 d6 10. Rd1 a6 11. h3 Qc7 12. Bg5 Be6 13. Bxf6 Bxf6 14. Nd5 Bxd5 1/2-1/2

[Event "NRW Class2 0809"]
[Site "Germany"]
[Date "2009.03.01"]
[Round "7.6"]
[White "Friedl, Thomas"]
[Black "Schockenbaeumer, Dirk"]
[Result "1/2-1/2"]
[WhiteElo "2213"]
[BlackElo "2239"]
[PlyCount "61"]
[EventDate "2008.09.21"]
[EventType "tourn"]
[EventRounds "9"]
[EventCountry "GER"]
[SourceTitle "EXT 2010"]
[Source "ChessBase"]
[SourceDate "2010.11.25"]
[SourceVersion "1"]
[SourceVersionDate "2010.11.25"]
[SourceQuality "1"]
[WhiteTeam "Castrop Rauxel"]
[BlackTeam "Solingen III"]
[WhiteTeamCountry "GER"]
[BlackTeamCountry "GER"]

1. g3 Nf6 2. Bg2 d5 3. f4 c5 4. Nf3 Nc6 5. d3 g6 6. 0-0 Bg7 7. h3 0-0 8. Nc3 d4 9. Ne4 Nxe4 10. dxe4 e5 11. e3 Qe7 12. exd4 exf4 13. d5 Nd4 14. c3 Nxf3+ 15. Qxf3 fxg3 16. Qxg3 Be5 17. Bf4 Bxf4 18. Qxf4 Bd7 19. e5 Bf5 20. Rad1 Rae8 21. Rfe1 Qd7 22. Kh2 Re7 23. Rd2 b6 24. Re3 Rd8 25. h4 f6 26. d6 Rxe5 27. Rxe5 fxe5 28. Qxe5 Qg7 29. Qd5+ Qf7 30. Qe5 Qg7 31. Qd5+ 1/2-1/2

[Event "NRW Class1 0607"]
[Site "Germany"]
[Date "2007.03.18"]
[Round "7.6"]
[White "Schockenbaeumer, Dirk"]
[Black "Georgi, Thomas"]
[Result "1-0"]
[WhiteElo "2199"]
[BlackElo "1847"]
[PlyCount "79"]
[EventDate "2006.09.17"]
[EventType "tourn"]
[EventRounds "9"]
[EventCountry "GER"]
[SourceTitle "EXT 2008"]
[Source "ChessBase"]
[SourceDate "2007.11.25"]
[SourceVersion "1"]
[SourceVersionDate "2007.11.25"]
[SourceQuality "1"]
[WhiteTeam "Solingen III"]
[BlackTeam "Koeln SF II"]
[WhiteTeamCountry "GER"]
[BlackTeamCountry "GER"]

1. e4 Nf6 2. e5 Nd5 3. d4 d6 4. c4 Nb6 5. f4 dxe5 6. fxe5 Nc6 7. Be3 Bf5 8. Nc3 e6 9. Nf3 Bg4 10. Be2 Bxf3 11. gxf3 Qh4+ 12. Bf2 Qf4 13. c5 Nd5 14. Nxd5 exd5 15. Qd2 Qxd2+ 16. Kxd2 g6 17. Be3 Ne7 18. Bb5+ c6 19. Bd3 Kd7 20. b4 Ke6 21. a4 Nf5 22. Bxf5+ Kxf5 23. b5 Bg7 24. Rhb1 Rhb8 25. Rb3 b6 26. Rc1 bxc5 27. Rxc5 cxb5 28. Rbxb5 Rxb5 29. axb5 Ke6 30. Rc6+ Ke7 31. Ra6 Rb8 32. Rxa7+ Ke8 33. e6 Kf8 34. Bf4 Rb6 35. exf7 Rf6 36. Be5 Bh6+ 37. Ke2 Rb6 38. f4 g5 39. f5 g4 40. Ra6 1-0

[Event "NRW Class1 0506"]
[Site "Germany"]
[Date "2006.04.02"]
[Round "8.3"]
[White "Kaufeld, Juergen"]
[Black "Schockenbaeumer, Dirk"]
[Result "1-0"]
[WhiteElo "2265"]
[BlackElo "2202"]
[PlyCount "103"]
[EventDate "2005.09.25"]
[EventType "team-tourn"]
[EventRounds "9"]
[EventCountry "GER"]
[SourceTitle "EXT 2006"]
[Source "ChessBase"]
[SourceDate "2005.11.24"]
[SourceVersion "1"]
[SourceVersionDate "2005.11.24"]
[SourceQuality "1"]
[WhiteTeam "Muelheim Nord II"]
[BlackTeam "Solingen III"]
[WhiteTeamCountry "GER"]
[BlackTeamCountry "GER"]

1. e4 c5 2. Nf3 d6 3. d4 cxd4 4. Nxd4 Nf6 5. Nc3 a6 6. Be3 Ng4 7. Bg5 h6 8. Bh4 g5 9. Bg3 Bg7 10. Be2 h5 11. Nf5 Bxf5 12. exf5 Qa5 13. 0-0 Bxc3 14. bxc3 Qxf5 15. Re1 Ne5 16. Rb1 Qd7 17. Bxe5 dxe5 18. Bxh5 Qxd1 19. Bxd1 Nd7 20. Rxb7 0-0-0 21. Ra7 Kb8 22. Rxa6 Nc5 23. Ra5 Ne6 24. Raxe5 Rh4 25. Rb5+ Kc8 26. Rb4 Rd2 27. Rxh4 gxh4 28. Bg4 Rxc2 29. Bxe6+ fxe6 30. h3 Kd7 31. Re4 Rxc3 32. a4 Kd6 33. Rxh4 e5 34. Re4 Kd5 35. f3 Rc2 36. Kh2 Rc3 37. h4 Ke6 38. f4 Kf5 39. Rxe5+ Kxf4 40. Rxe7 Rc4 41. g3+ Kg4 42. Rg7+ Kh5 43. Rg5+ Kh6 44. a5 Ra4 45. Kh3 Kh7 46. Rb5 Kg7 47. h5 Kh7 48. g4 Kg7 49. Kh4 Kh7 50. Kg5 Kg7 51. h6+ Kh7 52. Kh5 1-0

[Event "NRW Class1 0506"]
[Site "Germany"]
[Date "2005.10.09"]
[Round "2.3"]
[White "Schockenbaeumer, Dirk"]
[Black "Berndt, Axel"]
[Result "1/2-1/2"]
[WhiteElo "2202"]
[BlackElo "2246"]
[PlyCount "29"]
[EventDate "2005.09.25"]
[EventType "team-tourn"]
[EventRounds "9"]
[EventCountry "GER"]
[SourceTitle "EXT 2006"]
[Source "ChessBase"]
[SourceDate "2005.11.24"]
[SourceVersion "1"]
[SourceVersionDate "2005.11.24"]
[SourceQuality "1"]
[WhiteTeam "Solingen III"]
[BlackTeam "Duesseldorf II"]
[WhiteTeamCountry "GER"]
[BlackTeamCountry "GER"]

1. e4 Nf6 2. e5 Nd5 3. d4 d6 4. c4 Nb6 5. exd6 cxd6 6. Nc3 g6 7. Be3 Bg7 8. Rc1 0-0 9. b3 e5 10. dxe5 dxe5 11. Qxd8 Rxd8 12. c5 N6d7 13. Nf3 Nc6 14. Bc4 h6 15. Ne4 1/2-1/2

[Event "Leverkusen-ch op"]
[Site "Leverkusen"]
[Date "2005.04.04"]
[Round "8"]
[White "Negele, Michael"]
[Black "Schockenbaeumer, Dirk"]
[Result "0-1"]
[WhiteElo "2250"]
[BlackElo "2187"]
[PlyCount "152"]
[EventDate "2005.01.10"]
[EventType "swiss"]
[EventRounds "9"]
[EventCountry "GER"]
[SourceTitle "EXT 2006"]
[Source "ChessBase"]
[SourceDate "2005.11.24"]
[SourceVersion "1"]
[SourceVersionDate "2005.11.24"]
[SourceQuality "1"]

1. e4 c5 2. Nf3 d6 3. Bb5+ Bd7 4. Bxd7+ Qxd7 5. 0-0 Nc6 6. c3 Nf6 7. d4 cxd4 8. cxd4 d5 9. exd5 Nxd5 10. Nc3 e6 11. Bg5 Be7 12. Qd2 0-0 13. Rfd1 Rac8 14. Bxe7 Ncxe7 15. Ne5 Qd8 16. Ne4 Ng6 17. g3 Qc7 18. Rac1 Nxe5 19. dxe5 Qxe5 20. Nc5 Rc7 21. Nd3 Qd4 22. Rxc7 Nxc7 23. Qc2 Qb6 24. Ne5 Qa5 25. Nd7 Re8 26. b4 Qh5 27. Rc1 Nb5 28. Qc8 Qd1+ 29. Kg2 Qd5+ 30. Kg1 Qd1+ 31. Kg2 Qd5+ 32. Kg1 Nd6 33. Qc5 Qxc5 34. bxc5 Rc8 35. Rb1 Rc7 36. cxd6 Rxd7 37. Rc1 g5 38. Rc7 Rxd6 39. Rxb7 Ra6 40. Rb2 g4 41. h3 gxh3 42. Kh2 Ra4 43. Kxh3 Kg7 44. f4 Kg6 45. Re2 Ra5 46. g4 h5 47. Kh4 hxg4 48. Kxg4 Kf6 49. Rh2 Ke7 50. Rd2 Rd5 51. Rb2 Ra5 52. Rd2 f6 53. Kf3 Ra4 54. Ke3 Ra3+ 55. Kd4 Kd6 56. Kc4+ Kc6 57. Rf2 Ra4+ 58. Kb3 Ra5 59. Re2 Kd6 60. Re4 Kd5 61. Re2 Rc5 62. a4 a5 63. Re3 Rc4 64. f5 Rb4+ 65. Ka3 exf5 66. Re8 Rc4 67. Rd8+ Ke4 68. Re8+ Kd3 69. Re6 f4 70. Rxf6 Ke3 71. Kb3 Rc5 72. Re6+ Kf3 73. Rb6 Ke4 74. Rb5 Re5 75. Kc3 f3 76. Kd2 Rxb5 0-1